01578na a2200349 450000100060000000300080000600500170001400800410003103500100007204000250008204100080010708200330011511000340014822200260018224501280020824600800033624600510041626000230046730000180049044000570050849000370056550000650060250001120066761000950077961000640087465700290093865700250096774001120099274000480110474000510115283000250120320215MIRAKIL20181213154907.0170120b tu 000 0  a20215 aMilasbturcTR-AnCHP atur aCHP 324.2372026bC36ü 1999 aCumhuriyet Halk Partisi (CHP) aÜye kayıt yenileme aCHP üye kayıt yenileme yönetmeliğibCHP Parti Meclisi'nin 28.08.1999 tarihli toplantısında kabul edilmiştircCHP aCHP Parti Meclisi'nin 28.08.1999 tarihli toplantısında kabul edilmiştir aCHP 1999 üye kayıt yenileme yönetmeliği aAnkara bCHPc1999 a14 s.c21 sm. aCumhuriyet Halk Partisi yayınlarıpYönetmelikler aÜye Kayıt Yenileme (ÜKY)v1 aKütüphaneciden çevrimdışı versiyonu sağlanabilir aDış kapak yapıt adı: Türkiye'ye sahip çık kaydını yenile. Üye kayıt yenileme yönetmeliği aCumhuriyet Halk Partisi (CHP)xYönetmelikler, 1999yParti üyeliğiyÜyelik yenileme aCumhuriyet Halk Partisi (CHP)xTüzük ve yönetmelikler aCHP 1999 yönetmeliği aCHP yönetmelikleri aCHP Parti Meclisi'nin 28.08.1999 tarihli toplantısında kabul edilen üye kayıt yenileme yönetmeliği aTürkiye'ye sahip çık kaydını yenile. aCHP 1999 üye kayıt yenileme yönetmeliği aCHP yönetmelikleri